都道府県別 コメの生産量TOP20 -サドンデス- - Statistics

General Stats
  • This quiz has been taken 538 times
  • The average score is 8 of 20
Answers on the Grid
Answers color-coded by a green-red scale on the quiz's grid according to % correct below.
北海道
青森県
岩手県
宮城県
秋田県
山形県
福島県
茨城県
栃木県
群馬県
埼玉県
千葉県
東京都
神奈川県
新潟県
富山県
石川県
福井県
山梨県
長野県
岐阜県
静岡県
愛知県
三重県
滋賀県
京都府
大阪府
兵庫県
奈良県
和歌山県
鳥取県
島根県
岡山県
広島県
山口県
徳島県
香川県
愛媛県
高知県
福岡県
佐賀県
長崎県
熊本県
大分県
宮崎県
鹿児島県
沖縄県
 
Answer Stats
Answer % Correct
562,400 北海道
95%
490,000 秋田県
92%
354,500 山形県
84%
622,800 新潟県
83%
258,900 岩手県
73%
366,100 宮城県
73%
356,800 福島県
71%
264,200 青森県
68%
189,000 富山県
45%
338,800 茨城県
43%
286,200 栃木県
26%
187,900 長野県
23%
287,900 千葉県
20%
152,200 福岡県
8%
142,800 埼玉県
7%
166,900 兵庫県
5%
153,300 熊本県
5%
130,200 愛知県
4%
146,800 滋賀県
4%
142,800 岡山県
3%
No matching quizzes found
Score Distribution
Percent of People with Each Score
Percentile by Number Answered
Your Score History
You have not taken this quiz